Normal view
MARC view
- الأردن -- احوال اقتصادية
Entry Topical Term
001 - CONTROL NUMBER
- control field: 51533
003 - CONTROL NUMBER IDENTIFIER
- control field: JO-AjAnu
005 - DATE AND TIME OF LATEST TRANSACTION
- control field: 20230606082458.0
008 - FIXED-LENGTH DATA ELEMENTS
- fixed length control field: 230606|| aca||aabn | a|a d
040 ## - CATALOGING SOURCE
- Original cataloging agency: JO-AjAnu
- Transcribing agency: JO-AjAnu
150 ## - HEADING--TOPICAL TERM
- Topical term or geographic name entry element: الأردن -- احوال اقتصادية
670 ## - SOURCE DATA FOUND
- Source citation: Work cat.: (JO-AjAnu)26340: غرفة تجارة عمان، الاردن, author 51532, المملكة الأردنية الهاشمية في تقارير التنافسية العالمية: الواقع والآفاق